000 00643nam a2200217Ia 4500
005 20241129110934.0
008 241129s9999||||xx |||||||||||||| ||und||
020 _a9780253052247
037 _aTB
040 _aCRL
_beng
_cCRL
041 _aeng
_2eng
084 _a4,42.44Q7 R1
_qCRL
100 _aKazi Taha Au.
_9722875
245 0 _aReligious televison and pious authority in Pakistan
_cKazi Taha Au.
260 _aBloomington, USA
_bBloomington na University Press
_c2021
300 _axi,226p.
365 _aUKP
_b26.99
650 _aMass Communication
_9437314
942 _cTB
_h4,42.44Q7 R1
999 _c1228185
_d1228185